000 00407cam a2200169ua 4500
020 _c1.00
041 _amal
_h
082 _a894.8127
_bKRI/KU
100 _aKrishnan Kutty, Veloor.
245 _aKuthiravali /
_cVeloor Krishnan Kutty.
_hTextual Documents
260 _aCalicut :
_bP.K Brothers ,
_c1960.
300 _a82 ; .
365 _a1.00
504 _a
942 _cBK
999 _c4282
_d4282